| 000 | 00668nam a2200277Ia 4500 | ||
|---|---|---|---|
| 008 | 170203s9999 xx 000 0 und d | ||
| 020 | _a0-39480001x | ||
| 050 | _aFic | ||
| 050 | _bS496c | ||
| 100 | _aSeuss, Dr. | ||
| 245 | 4 | _aThe cat in the hat / | |
| 245 | _cby Dr. Seuss. | ||
| 260 | _aNew York : | ||
| 260 | _bRandom House, | ||
| 260 | _c1957 | ||
| 300 | _a61 pages : | ||
| 300 | _billustrations ; | ||
| 300 | _c24 cm | ||
| 440 | _aI can read it all by myself. | ||
| 650 | _aCats -- | ||
| 650 | _aChildren's stories, American. | ||
| 650 | _aFantasy. | ||
| 650 | _aNonsense verses. | ||
| 650 | _aStories in rhyme. | ||
| 650 | _xPoetry. | ||
| 999 |
_c306676 _d306676 |
||